[Event "ESP-ch U16 rapid"]
[Site "Salobrena"]
[Date "2023.07.29"]
[Round "3"]
[White "Asensio Asensio, Nicolas"]
[Black "De la Cuerda Gimeno, Ivan"]
[Result "0-1"]
[WhiteElo "1825"]
[BlackElo "1565"]
[PlyCount "92"]
[EventDate "2023.07.29"]
[EventType "swiss (rapid)"]
[EventRounds "9"]
[EventCountry "ESP"]
[SourceTitle "EXT 2024"]
[Source "ChessBase"]
[SourceDate "2023.10.10"]
[SourceVersion "1"]
[SourceVersionDate "2023.10.10"]
[SourceQuality "1"]

1. e4 e5 2. Nf3 Nc6 3. d4 exd4 4. Nxd4 Bc5 5. Be3 Qf6 6. c3 Nge7 7. Bc4 Ne5 8. Be2 Qg6 9. 0-0 d6 10. Re1 Qxe4 11. Nd2 Qg6 12. Bh5 Qd3 13. Be2 Qg6 14. Nb5 Bxe3 15. Nxc7+ Kd8 16. Nxa8 Bxd2 17. Qxd2 Bh3 18. g3 Kd7 19. Bb5+ N5c6 20. Qe3 Kc8 21. Bd3 Qf6 22. b4 Kb8 23. f4 Nd5 24. Qf3 Nde7 25. b5 Ne5 26. Qe2 Nxd3 27. Qxd3 Kxa8 28. Rad1 d5 29. c4 dxc4 30. Qxc4 Qb6+ 31. Qd4 Qxd4+ 32. Rxd4 Nf5 33. Rde4 Nd6 34. Re7 Be6 35. a4 Kb8 36. g4 Nc8 37. R1xe6 fxe6 38. Rxe6 Kc7 39. Kf2 Kd7 40. Re4 Re8 41. Rd4+ Nd6 42. h4 Re4 43. Rd5 Rxf4+ 44. Kg3 Rxa4 45. h5 Ke6 46. Rg5 Ne4+ 0-1

[Event "ESP-ch U14 Rapid"]
[Site "Salobrena"]
[Date "2022.07.24"]
[Round "6"]
[White "Asensio Asensio, Nicolas"]
[Black "Benseny Martinez, Guerau"]
[Result "1-0"]
[WhiteElo "1533"]
[BlackElo "1687"]
[PlyCount "145"]
[EventDate "2022.07.23"]
[EventType "swiss (rapid)"]
[EventRounds "9"]
[EventCountry "ESP"]
[SourceTitle "EXT 2023"]
[Source "ChessBase"]
[SourceDate "2022.10.05"]
[SourceVersion "1"]
[SourceVersionDate "2022.10.05"]
[SourceQuality "1"]

1. e4 e5 2. Nf3 Nc6 3. Bc4 Bc5 4. c3 Nf6 5. d3 d6 6. 0-0 a6 7. a4 Ba7 8. Nbd2 0-0 9. Re1 Be6 10. Ba2 Bxa2 11. Rxa2 Re8 12. h3 d5 13. Qe2 Qd6 14. Nf1 Rad8 15. Ng3 d4 16. c4 h6 17. Nh4 Qe6 18. Nhf5 b5 19. axb5 axb5 20. b3 bxc4 21. bxc4 Bc5 22. Bd2 Nb4 23. Ra4 Rb8 24. Rb1 Nc6 25. Rb5 Rxb5 26. cxb5 Qb3 27. Rc4 Qxb5 28. Nh5 Nxh5 29. Qxh5 Bf8 30. Kh2 Qb6 31. f4 Kh8 32. Qxf7 Rd8 33. Nxh6 gxh6 34. Qf6+ Bg7 35. Qxc6 Qb2 36. Qxc7 Rg8 37. Rc2 Qb5 38. Qc4 Qd7 39. f5 Bf6 40. Qe6 Qxe6 41. fxe6 Kg7 42. Rc7+ Kg6 43. g4 Rf8 44. Rf7 Rxf7 45. exf7 Bg7 46. Kg3 Kxf7 47. Bb4 Kg6 48. h4 Kf6 49. Bc5 Kg6 50. Be7 Kf7 51. Bd8 Ke8 52. Bc7 Kf7 53. g5 hxg5 54. hxg5 Kg6 55. Kg4 Bh8 56. Bd8 Bg7 57. Be7 Bh8 58. Bf8 Kf7 59. Bh6 Kg6 60. Kh4 Kf7 61. Kh5 Ke6 62. g6 Kf6 63. Bg5+ Kg7 64. Be7 Kg8 65. Kg5 Bg7 66. Bf6 Bf8 67. Bxe5 Bc5 68. Bf6 Kf8 69. e5 Kg8 70. e6 Bd6 71. e7 Bf4+ 72. Kf5 Bh6 73. e8Q+ 1-0

[Event "ESP-ch U14 Rapid"]
[Site "Salobrena"]
[Date "2022.07.24"]
[Round "9"]
[White "Fernandez Ramos, Iago"]
[Black "Asensio Asensio, Nicolas"]
[Result "0-1"]
[WhiteElo "1738"]
[BlackElo "1533"]
[PlyCount "96"]
[EventDate "2022.07.23"]
[EventType "swiss (rapid)"]
[EventRounds "9"]
[EventCountry "ESP"]
[SourceTitle "EXT 2023"]
[Source "ChessBase"]
[SourceDate "2022.10.05"]
[SourceVersion "1"]
[SourceVersionDate "2022.10.05"]
[SourceQuality "1"]

1. e4 c6 2. d4 d5 3. exd5 cxd5 4. Bd3 Nc6 5. c3 Qc7 6. Ne2 Bg4 7. f3 Bh5 8. Bf4 Qd7 9. Na3 e6 10. Nb5 Rc8 11. 0-0 a6 12. Na3 Bxa3 13. bxa3 Bg6 14. Rb1 Na5 15. Bxg6 hxg6 16. Qc2 Nf6 17. Nc1 0-0 18. Nd3 Qc6 19. Rfc1 Nd7 20. Qb2 b5 21. Nb4 Qb7 22. Qf2 Rc4 23. a4 bxa4 24. Bd6 Rfc8 25. Nd3 Rxc3 26. Nc5 Nxc5 27. Bxc5 Rxc1+ 28. Rxc1 Nc4 29. h3 Qb2 30. Rc2 Qb1+ 31. Kh2 Qb8+ 32. Kg1 a5 33. h4 Rc7 34. h5 gxh5 35. Re2 Rb7 36. Qh4 Rb2 37. Rxb2 Qxb2 38. Qd8+ Kh7 39. Qg5 Qb1+ 40. Kh2 Qg6 41. Qc1 h4 42. Be7 Qg3+ 43. Kh1 h3 44. Qc2+ g6 45. gxh3 Qxf3+ 46. Kh2 Qf4+ 47. Kg1 Qxd4+ 48. Kf1 Ne3+ 0-1

[Event "ESP-ch U14 Rapid"]
[Site "Salobrena"]
[Date "2022.07.23"]
[Round "3"]
[White "Atares Buisan, Sergio"]
[Black "Asensio Asensio, Nicolas"]
[Result "0-1"]
[WhiteElo "1303"]
[BlackElo "1533"]
[PlyCount "94"]
[EventDate "2022.07.23"]
[EventType "swiss (rapid)"]
[EventRounds "9"]
[EventCountry "ESP"]
[SourceTitle "EXT 2023"]
[Source "ChessBase"]
[SourceDate "2022.10.05"]
[SourceVersion "1"]
[SourceVersionDate "2022.10.05"]
[SourceQuality "1"]

1. e4 c6 2. d4 d5 3. Nc3 dxe4 4. Nxe4 Bf5 5. Ng3 Bg6 6. h4 h6 7. h5 Bh7 8. Nf3 Nd7 9. Bd3 Bxd3 10. Qxd3 Ngf6 11. Bd2 e6 12. Qe2 Bd6 13. Ne4 Nxe4 14. Qxe4 Nf6 15. Qe2 Bc7 16. 0-0-0 Qd5 17. c4 Qe4 18. Be3 0-0-0 19. Rd3 e5 20. Rhd1 Rhe8 21. Nxe5 Bxe5 22. dxe5 Qxc4+ 23. Kb1 Rxd3 24. Rxd3 Nd5 25. Qd2 Rxe5 26. Rd4 Qf1+ 27. Kc2 Qxg2 28. Bf4 Re4 29. Bg3 Qf3 30. Rxe4 Qxe4+ 31. Kc1 Qh1+ 32. Kc2 Qxh5 33. Qe1 Qf5+ 34. Kc1 Qe6 35. Qa5 a6 36. Qc5 Qe7 37. Qc4 f5 38. Qd3 Qe4 39. Qd2 f4 40. Bh4 g5 41. f3 Qc4+ 42. Kb1 gxh4 43. Qe1 Qd3+ 44. Ka1 Qe3 45. Qh1 Nb4 46. a3 Nd3 47. Qxh4 Qc1+ 0-1

[Event "ESP-ch U14"]
[Site "Salobrena"]
[Date "2022.07.20"]
[Round "5"]
[White "Molina Ortega, Carlos"]
[Black "Asensio Asensio, Nicolas"]
[Result "1-0"]
[WhiteElo "1548"]
[BlackElo "1840"]
[PlyCount "61"]
[EventDate "2022.07.18"]
[EventType "swiss"]
[EventRounds "9"]
[EventCountry "ESP"]
[SourceTitle "EXT 2023"]
[Source "ChessBase"]
[SourceDate "2022.10.05"]
[SourceVersion "1"]
[SourceVersionDate "2022.10.05"]
[SourceQuality "1"]

1. e4 c6 2. d4 d5 3. e5 Bf5 4. Nc3 e6 5. g4 Bg6 6. Nge2 h6 7. Be3 Nd7 8. Qd2 c5 9. 0-0-0 Ne7 10. f4 Nc6 11. dxc5 Nxc5 12. Nd4 Ne4 13. Nxe4 Bxe4 14. Bb5 Qd7 15. Rhf1 Bb4 16. c3 Ba5 17. Nb3 0-0 18. Nc5 Qc7 19. Nxe4 dxe4 20. Kb1 Ne7 21. Qg2 Nd5 22. Bd4 e3 23. g5 h5 24. g6 fxg6 25. Qxg6 Qf7 26. Qxf7+ Rxf7 27. f5 Raf8 28. fxe6 Rxf1 29. Rxf1 Rxf1+ 30. Bxf1 Nf4 31. Bc4 1-0

[Event "ESP-ch U14"]
[Site "Salobrena"]
[Date "2022.07.18"]
[Round "1"]
[White "Domene Mulyukova, Catarina"]
[Black "Asensio Asensio, Nicolas"]
[Result "0-1"]
[WhiteElo "1413"]
[BlackElo "1840"]
[PlyCount "70"]
[EventDate "2022.07.18"]
[EventType "swiss"]
[EventRounds "9"]
[EventCountry "ESP"]
[SourceTitle "EXT 2023"]
[Source "ChessBase"]
[SourceDate "2022.10.05"]
[SourceVersion "1"]
[SourceVersionDate "2022.10.05"]
[SourceQuality "1"]

1. e4 c6 2. d4 d5 3. f3 Qb6 4. Nc3 dxe4 5. fxe4 e5 6. Nf3 exd4 7. Qxd4 Qxd4 8. Nxd4 Bb4 9. Bd2 Nf6 10. Bd3 Nbd7 11. Nb3 0-0 12. 0-0-0 Ne5 13. h3 Rd8 14. Be1 Be6 15. Rf1 a5 16. a3 Bxc3 17. Bxc3 Nxd3+ 18. Kb1 Nxe4 19. Rxd3 Rxd3 20. cxd3 Nxc3+ 21. Kc2 Nd5 22. Rf2 Ne3+ 23. Kd2 Bxb3 24. Kxe3 f6 25. d4 Kf7 26. Kd3 a4 27. Re2 Rd8 28. Kc3 b6 29. g3 c5 30. Rd2 Rxd4 31. Rxd4 cxd4+ 32. Kxd4 Ke6 33. g4 h5 34. gxh5 f5 35. h4 Bd1 0-1

[Event "ESP-ch States U14"]
[Site "Isla"]
[Date "2022.06.25"]
[Round "5"]
[White "Asensio Asensio, Nicolas"]
[Black "Andres Iniguez, Iker"]
[Result "1-0"]
[WhiteElo "1852"]
[BlackElo "1712"]
[PlyCount "73"]
[EventDate "2022.06.23"]
[EventType "swiss"]
[EventRounds "6"]
[EventCountry "ESP"]
[SourceTitle "EXT 2023"]
[Source "ChessBase"]
[SourceDate "2022.10.05"]
[SourceVersion "1"]
[SourceVersionDate "2022.10.05"]
[SourceQuality "1"]

1. e4 e5 2. Nc3 Nf6 3. f4 d5 4. fxe5 Nxe4 5. Qf3 Nc6 6. Bb5 Nxc3 7. dxc3 a6 8. Bxc6+ bxc6 9. Ne2 Qh4+ 10. Ng3 Bc5 11. Be3 Bxe3 12. Qxe3 0-0 13. 0-0 Re8 14. Rae1 Qe7 15. Qf4 g6 16. Re3 Be6 17. h4 Rab8 18. b3 c5 19. h5 Rbd8 20. h6 d4 21. Re2 dxc3 22. Ne4 Rd4 23. Qe3 Red8 24. Qxc3 c4 25. Nf6+ Kh8 26. Qa5 cxb3 27. cxb3 Rh4 28. Rc2 Qf8 29. Qxc7 Rxh6 30. Qb6 Kg7 31. Rc7 Kh8 32. Qxa6 Rd2 33. Ne4 Rd4 34. Qxe6 Qd8 35. Qxf7 Qg8 36. Qf6+ Qg7 37. Qxg7# 1-0

[Event "ESP-ch U14"]
[Site "Salobrena"]
[Date "2021.07.16"]
[Round "8"]
[White "Cuadrado Carmona, Javier"]
[Black "Asensio Asensio, Nicolas"]
[Result "1-0"]
[WhiteElo "1891"]
[BlackElo "1516"]
[PlyCount "65"]
[EventDate "2021.07.12"]
[EventType "swiss"]
[EventRounds "9"]
[EventCountry "ESP"]
[SourceTitle "EXT 2022"]
[Source "ChessBase"]
[SourceDate "2021.10.06"]
[SourceVersion "1"]
[SourceVersionDate "2021.10.06"]
[SourceQuality "1"]

1. e4 c6 2. Nf3 d5 3. Nc3 Nf6 4. exd5 cxd5 5. d4 Nc6 6. Bd3 Bg4 7. Be3 e6 8. h3 Bh5 9. g4 Bg6 10. 0-0 Bd6 11. Re1 a6 12. Bg5 Bc7 13. Ne5 Qd6 14. Bf4 Qd8 15. Na4 Bxd3 16. Qxd3 Nxe5 17. Bxe5 Bxe5 18. Rxe5 h5 19. g5 Nd7 20. Re3 Qxg5+ 21. Rg3 Qh6 22. Re1 0-0 23. Kh1 Rfc8 24. Reg1 g6 25. Rxg6+ fxg6 26. Rxg6+ Qg7 27. Qg3 Qxg6 28. Qxg6+ Kf8 29. Qxe6 b5 30. Nc3 Rd8 31. Nxd5 Rac8 32. Qe7+ Kg8 33. Nf4 1-0

[Event "ESP-ch U12"]
[Site "Salobrena"]
[Date "2020.07.31"]
[Round "7"]
[White "Teply Koutsky, David"]
[Black "Asensio Asensio, Nicolas"]
[Result "1-0"]
[WhiteElo "1512"]
[BlackElo "1460"]
[PlyCount "79"]
[EventDate "2020.07.27"]
[EventType "swiss"]
[EventRounds "9"]
[EventCountry "ESP"]
[SourceTitle "EXT 2021"]
[Source "ChessBase"]
[SourceDate "2020.10.23"]
[SourceVersion "1"]
[SourceVersionDate "2020.10.23"]
[SourceQuality "1"]

1. d4 d5 2. c4 dxc4 3. Nc3 Bg4 4. f3 Bh5 5. e4 e6 6. Bxc4 c6 7. Be3 Nd7 8. Nge2 Nb6 9. Bb3 Bd6 10. Qd2 Ne7 11. Nf4 Bg6 12. h4 h6 13. Nxg6 Nxg6 14. h5 Bg3+ 15. Bf2 Bxf2+ 16. Qxf2 Ne7 17. 0-0-0 Qc7 18. Kb1 0-0-0 19. Rc1 Kb8 20. Rhd1 Qf4 21. Ne2 Qd6 22. Nc3 Qf4 23. Ne2 Qd6 24. Rd2 Qb4 25. Rcd1 a5 26. Nc1 a4 27. a3 Qb5 28. Ba2 Nc4 29. Bxc4 Qxc4 30. Qg3+ Ka8 31. Rc2 Qa6 32. Qxg7 Rdf8 33. Qe5 Nc8 34. Nd3 Nb6 35. Nc5 Qb5 36. Qc7 Rb8 37. Rdc1 Rhd8 38. Qxf7 Rxd4 39. Nxe6 Qb3 40. Rc3 1-0

[Event "ESP-ch U12"]
[Site "Salobrena"]
[Date "2020.07.29"]
[Round "4"]
[White "Asensio Asensio, Nicolas"]
[Black "Sierra Vallina, Lionel"]
[Result "1/2-1/2"]
[WhiteElo "1460"]
[BlackElo "1804"]
[PlyCount "68"]
[EventDate "2020.07.27"]
[EventType "swiss"]
[EventRounds "9"]
[EventCountry "ESP"]
[SourceTitle "EXT 2021"]
[Source "ChessBase"]
[SourceDate "2020.10.23"]
[SourceVersion "1"]
[SourceVersionDate "2020.10.23"]
[SourceQuality "1"]

1. c4 Nf6 2. Nc3 e6 3. e3 d5 4. d4 Bb4 5. Bd2 Bxc3 6. Bxc3 0-0 7. Nf3 b6 8. Rc1 Bb7 9. b3 Nbd7 10. Be2 Qe7 11. 0-0 Rac8 12. Qc2 c5 13. Rfd1 Ne4 14. Ba1 f5 15. dxc5 Ndxc5 16. Qb2 Nd7 17. Ne5 Ndf6 18. Bf3 g5 19. g3 dxc4 20. Rxc4 Bd5 21. Rxc8 Rxc8 22. Bxe4 Nxe4 23. Ng6 Qc7 24. Ne7+ Qxe7 25. Qh8+ Kf7 26. Qxc8 Nf6 27. Qh8 e5 28. Rc1 f4 29. Qb8 Nd7 30. Qxa7 Ke6 31. Qa6 Qb4 32. Qe2 Qe4 33. f3 Qxe3+ 34. Qxe3 fxe3 1/2-1/2

[Event "ESP-ch U12"]
[Site "Salobrena"]
[Date "2020.07.28"]
[Round "3"]
[White "Horcajuelo Rocamora, Martin"]
[Black "Asensio Asensio, Nicolas"]
[Result "1/2-1/2"]
[WhiteElo "1765"]
[BlackElo "1460"]
[PlyCount "85"]
[EventDate "2020.07.27"]
[EventType "swiss"]
[EventRounds "9"]
[EventCountry "ESP"]
[SourceTitle "EXT 2021"]
[Source "ChessBase"]
[SourceDate "2020.10.23"]
[SourceVersion "1"]
[SourceVersionDate "2020.10.23"]
[SourceQuality "1"]

1. e4 d6 2. d4 Nf6 3. Nc3 e5 4. dxe5 dxe5 5. Qxd8+ Kxd8 6. Bc4 Ke8 7. Bg5 Nbd7 8. 0-0-0 Bd6 9. f3 a6 10. Nge2 h6 11. Be3 b5 12. Bb3 Bb7 13. g4 Bc5 14. Bxc5 Nxc5 15. Bd5 Bxd5 16. Nxd5 Nxd5 17. Rxd5 Nd7 18. Rhd1 Rd8 19. Ng3 g6 20. h4 Ke7 21. b4 c6 22. Rd6 Nb8 23. R6d3 Rd7 24. h5 Rhd8 25. Kb2 Rxd3 26. cxd3 Nd7 27. Rh1 Rh8 28. Ne2 Nb6 29. f4 Nd7 30. hxg6 fxg6 31. g5 h5 32. f5 Kf7 33. Rh4 Rd8 34. Kc2 Rc8 35. Kb2 Rd8 36. Rh3 Rc8 37. a3 Rd8 38. Nc3 Rg8 39. Kb3 Rc8 40. Nd1 Rg8 41. Rf3 gxf5 42. Rxf5+ Kg6 43. Rf1 1/2-1/2